[Event "AUTO-OPEN-4610"]
[Site "http://www.queenalice.com/game.php?id=1861772"]
[Date "2025.8.18"]
[Round "1"]
[White "australia"]
[Black "grotegeest"]
[Result "0-1"]
[WhiteElo "1773"]
[BlackElo "2578"]

1. a3 g6 2. h3 Bg7 3. d4 c5 4. dxc5 Na6 5. Nd2 Nxc5 6. e3 Nf6 7. Be2 O-O 8. Bf3
d5 9. Ne2 e5 10. Ng3 h5 11. O-O h4 12. Nh1 Bf5 13. b4 Na4 14. Nb3 Rc8 15. Nc5
Nxc5 16. bxc5 Rxc5 17. Bb2 Bxc2 18. Qe2 e4 19. Rfc1 exf3 20. gxf3 Qc8 21. Qf1
Rc4 22. Bd4 Nh5 23. Ra2 Bxd4 24. exd4 Bd3 25. Qxd3 Rxc1+ 26. Kh2 Nf4 0-1

[Event "AUTO-OPEN-4597"]
[Site "http://www.queenalice.com/game.php?id=1863275"]
[Date "2025.9.21"]
[Round "2"]
[White "grotegeest"]
[Black "rockaudrey"]
[Result "1-0"]
[WhiteElo "2559"]
[BlackElo "2306"]

1. e4 c5 2. Nf3 d6 3. d4 cxd4 4. Nxd4 Nf6 5. Nc3 a6 6. Bc4 Qc7 7. Bb3 e6 8. f4
Nc6 9. f5 exf5 10. Rf1 Be7 11. Nxf5 Bxf5 12. Rxf5 O-O 13. Qd3 Ne5 14. Qe2 Rac8
15. Be3 Nc4 16. Bd4 Nxb2 17. Bxf6 Bxf6 18. Nd5 Bc3+ 19. Kf1 Qd8 20. Rb1 Be5 21.
c3 Bxh2 22. Rxb2 Be5 23. Qg4 Qa5 24. Ne7+ 1-0

[Event "AUTO-OPEN-4597"]
[Site "http://www.queenalice.com/game.php?id=1863276"]
[Date "2025.9.21"]
[Round "2"]
[White "rockaudrey"]
[Black "grotegeest"]
[Result "0-1"]
[WhiteElo "2298"]
[BlackElo "2571"]

1. e4 c5 2. Nf3 d6 3. d4 cxd4 4. Nxd4 Nf6 5. Nc3 g6 6. f3 Bg7 7. Be3 O-O 8. Qd2
Nc6 9. O-O-O h5 10. Bc4 Bd7 11. Bh6 Rc8 12. Kb1 Nxd4 13. Bxg7 Kxg7 14. Qxd4 Qc7
15. Bb3 Qc5 16. Qxc5 Rxc5 17. h4 b5 18. Nd5 Nxd5 19. exd5 a5 20. c3 b4 21. cxb4
Bf5+ 22. Ka1 axb4 23. g4 hxg4 24. fxg4 Bxg4 25. Rd4 f5 26. Rf4 Rh8 27. Kb1 g5
28. Rxb4 Rxh4 29. Rg1 f4 30. Re4 Bf5 0-1

[Event "AUTO-OPEN-4597"]
[Site "http://www.queenalice.com/game.php?id=1863277"]
[Date "2025.9.21"]
[Round "2"]
[White "grotegeest"]
[Black "WoodpusherKid"]
[Result "1/2-1/2"]
[WhiteElo "2562"]
[BlackElo "2665"]

1. e4 e5 2. Nf3 Nc6 3. Bc4 Nf6 4. d4 exd4 5. O-O Nxe4 6. Re1 d5 7. Bxd5 Qxd5 8.
Nc3 Qd7 9. Nxe4 Be7 10. Bg5 O-O 11. Bxe7 Qxe7 12. Nxd4 Bd7 13. Nc3 Qf6 14. Re4
Rae8 15. Nd5 Qg5 16. Nf3 Qd8 17. Rxe8 Rxe8 18. Ne3 h6 19. c3 Re6 20. Qb3 b6 21.
Rd1 Qe7 22. Rd3 Rd6 23. Qd1 Rxd3 24. Qxd3 a5 25. h3 1/2-1/2

[Event "AUTO-OPEN-4597"]
[Site "http://www.queenalice.com/game.php?id=1863278"]
[Date "2025.9.21"]
[Round "2"]
[White "WoodpusherKid"]
[Black "grotegeest"]
[Result "1-0"]
[WhiteElo "2627"]
[BlackElo "2570"]

1. c4 g6 2. d4 Bg7 3. e4 d6 4. Nf3 Nd7 5. Nc3 e5 6. Be2 Ngf6 7. Be3 O-O 8. O-O
Ng4 9. Bg5 f6 10. Bd2 c6 11. d5 c5 12. Nb5 Nb8 13. a4 Nh6 14. h4 Nf7 15. a5 1-0

[Event "AUTO-OPEN-4599"]
[Site "http://www.queenalice.com/game.php?id=1863353"]
[Date "2025.9.24"]
[Round "2"]
[White "grotegeest"]
[Black "maurice916"]
[Result "1-0"]
[WhiteElo "2588"]
[BlackElo "1822"]

1. e4 c6 2. d4 d5 3. f3 Qa5+ 4. Nc3 e6 5. a3 Qb6 6. Be3 Qxb2 7. Na4 Bb4+ 8. Kf2
Qxa3 9. Rxa3 Bxa3 10. Qa1 Bd6 11. Nb6 1-0

[Event "AUTO-OPEN-4599"]
[Site "http://www.queenalice.com/game.php?id=1863354"]
[Date "2025.9.24"]
[Round "2"]
[White "maurice916"]
[Black "grotegeest"]
[Result "0-1"]
[WhiteElo "1842"]
[BlackElo "2577"]

1. Nf3 c5 2. b3 d5 3. Bb2 f6 4. e3 e5 5. d4 cxd4 6. exd4 e4 7. Ng1 f5 8. f3 Nc6
9. Qd2 Nf6 10. Qe3 f4 11. Qxf4 Bd6 12. Qd2 O-O 13. c4 exf3 14. Nxf3 Ne4 15. Qc2
Rxf3 16. gxf3 Nb4 17. Qg2 Qh4+ 18. Kd1 Nf2+ 0-1